000
00267nam a2200121Ia 4500
008
220204s9999 xx 000 0 und d
082
_a
581.5
_b
CAR
100
_a
CARSON, Rachel
245
0
_a
Silent spring
650
_a
Ecology
650
_a
Soil realms
942
_c
BK
999
_c
19763
_d
19763